Direction of Trade Time Series Australia 1972 to 1990

Uložené v:
Podrobná bibliografia
Médium: Kniha
Jazyk:English
Vydavateľské údaje: Canberra Central Statistics Section 1990
Tagy: Pridať tag
Žiadne tagy, Buďte prvý, kto otaguje tento záznam!

MARC

LEADER 00000nam a2200000 4500
001 c035711
005 20250617123944.4
041 0 |a eng 
044 |a AU 
245 1 0 |a Direction of Trade Time Series Australia  |b 1972 to 1990 
264 1 |a Canberra  |b Central Statistics Section  |c 1990 
300 |a 59 s.